[Event "Tatry op"]
[Site "Tatranske Zruby"]
[Date "2019.09.29"]
[Round "3"]
[White "Steiner, Bernhard"]
[Black "Motuz, Karol"]
[Result "0-1"]
[WhiteElo "2139"]
[BlackElo "2359"]
[PlyCount "56"]
[EventDate "2019.09.28"]
[EventType "swiss"]
[EventRounds "9"]
[EventCountry "SVK"]
[SourceTitle "EXT 2020"]
[Source "ChessBase"]
[SourceDate "2019.10.17"]
[SourceVersion "1"]
[SourceVersionDate "2019.10.17"]
[SourceQuality "1"]

1. Nf3 Nf6 2. c4 e6 3. e3 c5 4. d4 cxd4 5. exd4 d5 6. a3 Be7 7. Nc3 0-0 8. c5 Ne4 9. Bd3 Nxc3 10. bxc3 b6 11. h4 Nd7 12. c6 Nf6 13. Ne5 Ne4 14. Bxe4 dxe4 15. Qe2 f6 16. Ng4 Qd6 17. h5 Qxc6 18. 0-0 Qxc3 19. Qxe4 Qxa1 20. h6 f5 21. Qxa8 fxg4 22. hxg7 Re8 23. Qc6 Rd8 24. Qc7 Bf6 25. Qxa7 Qxd4 26. Be3 Qd5 27. Bxb6 Bb7 28. f3 Ra8 0-1